000 00629nam a22002297a 4500
003 UA-OsUOA
001 90860
007 ta
008 20121120b un ||||| |||| 00| 0 ukr d
100 _aПокальчук Ю. В.
090 _a821.161.2
_bП48
942 _cBK
040 _aUA-OsUOA
_bukr
_cUA-OsUOA
_dUA-OsUOA
245 _aКава з Матагальпи
_bоповідання, повісті
300 _a224 с.
955 _a3
041 _aukr
080 _a821.161.2
260 _aК.
_bМолодь
_c1987
650 7 _a82 Література. Літературознавство
_2UDC
999 _c377137
_d377137